000 00465nam a2200145Ia 4500
003 OSt
005 20260121104206.0
008 211028s2014 xx 000 0 und d
040 _cAIMIT LIBRARY
041 _aeng
100 _aRamachandra, Shirurkar Smita; Monis, Elroy.
_g1216129
_97240
245 _aAbsenteeism and labour turnover: a case study with reference to maatoshri boat builders Kundapur /
260 _aMangalore
_bElroy Monis
_c2014
942 _2ddc
_cPRO
999 _c218810
_d218810